| 000 | 00773nam a22002297a 4500 | ||
|---|---|---|---|
| 003 | OSt | ||
| 005 | 20150407171927.0 | ||
| 008 | 150210s2015 spc|||| |||| 0|0 0 spa|d | ||
| 017 |
_aDL B 25503-2014 _bBiblioteca de Catalunya |
||
| 020 | _a9788499923789 | ||
| 040 |
_bcat _cCDMR |
||
| 100 | 1 |
_aBatista Viladrich, Antoni _94247 |
|
| 245 | 1 | 0 |
_aMatar a Franco _b: los atentados contra el dictador _cAntoni Batista |
| 260 |
_aBarcelona _bDebate _c2015 |
||
| 300 |
_a237 p. _c23 cm |
||
| 490 |
_aDebate. _aHistoria |
||
| 504 | _aBibliografia p. 235-237 | ||
| 600 | 1 | 7 |
_aFranco Bahamonde, Francisco, _d1892-1975 _xTemptatives d'assassinat _2lemac |
| 650 |
_9797 _aReportatges literaris |
||
| 651 | 7 |
_aEspanya _xHistòria _y1939-1975 _xActivitats clandestines _2lemac |
|
| 942 | _cMON | ||
| 999 |
_c6787 _d6787 |
||